[Event "10th Philadelphia Open"]
[Site "Philadelphia"]
[Date "2016.03.25"]
[Round "5"]
[White "Morrison, William"]
[Black "Fishbein, Alexander"]
[Result "0-1"]
[WhiteElo "2281"]
[BlackElo "2485"]
[PlyCount "81"]
[EventDate "2016.03.??"]
[EventType "swiss"]
[EventRounds "9"]
[EventCountry "USA"]
[Source "MonRoi"]

1. e4 c5 2. Nf3 d6 3. c3 Nf6 4. Be2 g6 5. O-O Bg7 6. d3 O-O 7. Nbd2 b6 8. d4
cxd4 9. cxd4 Bb7 10. Bd3 Nc6 11. Re1 Rc8 12. a3 Nd7 13. Nb3 e5 14. d5 Ne7 15.
a4 h6 16. Nfd2 f5 17. f3 Rc7 18. a5 Nf6 19. axb6 axb6 20. Nc4 f4 21. Bd2 Nc8
22. Nc1 g5 23. Qb3 Rcf7 24. Bb4 g4 25. Bf1 Nh7 26. Nd2 h5 27. Qd3 Bf6 28. Ne2
Rg7 29. Rec1 Kh8 30. Kh1 Bh4 31. Ng1 Rfg8 32. Ra3 Bf2 33. Qe2 Qh4 34. fxg4 Bxg1
35. Nf3 Qd8 36. Nxg1 hxg4 37. Rac3 f3 38. Qf2 Ng5 39. Qe3 Rh7 40. R1c2 Nxe4 41.
gxf3 0-1

[Event "10th Philadelphia Open"]
[Site "Philadelphia"]
[Date "2016.03.26"]
[Round "6.1"]
[White "Chirila, Ioan"]
[Black "Sevian, Samuel"]
[Result "1-0"]
[WhiteElo "2524"]
[BlackElo "2580"]
[PlyCount "106"]
[EventDate "2016.03.??"]
[EventType "swiss"]
[EventRounds "9"]
[EventCountry "USA"]
[Source "MonRoi"]
[WhiteClock "0:14:50"]
[BlackClock "0:22:55"]

1. d4 Nf6 2. c4 e6 3. Nf3 d5 4. Nc3 c6 5. Bg5 dxc4 6. a4 b5 7. axb5 cxb5 8.
Nxb5 Qb6 9. Na3 Bxa3 10. Qa4+ Nc6 11. Qxa3 Ne4 12. e3 Qb4+ 13. Qxb4 Nxb4 14.
Rc1 Nd3+ 15. Bxd3 cxd3 16. Bf4 g5 17. Bg3 Bb7 18. Nd2 Nxd2 19. Kxd2 Bxg2 20.
Rhg1 Be4 21. Rc7 O-O 22. Bd6 Rfc8 23. Rxg5+ Bg6 24. Ra5 Rxc7 25. Bxc7 a6 26. f3
Rc8 27. Rc5 f6 28. e4 Kf7 29. Kxd3 Ke8 30. Rc3 Kd7 31. Ba5 e5 32. d5 Be8 33.
Ke3 Rb8 34. Rc7+ Kd6 35. b4 Bd7 36. Ra7 Ke7 37. Rxa6 Rg8 38. Kf2 Rg6 39. Bc7
Bh3 40. Ra7 Rg2+ 41. Ke3 Ke8 42. b5 Rb2 43. b6 Bc8 44. h4 h5 45. Kd3 Rb1 46.
Kc4 Rc1+ 47. Kb5 Bd7+ 48. Ka6 Ra1+ 49. Kb7 Rf1 50. Ka8 Bc8 51. Kb8 Bh3 52. b7
Rc1 53. Bd6 Rc8+ 1-0

[Event "10th Philadelphia Open"]
[Site "Philadelphia"]
[Date "2016.03.26"]
[Round "6.2"]
[White "Liang, Awonder"]
[Black "Berczes, David"]
[Result "0-1"]
[WhiteElo "2405"]
[BlackElo "2482"]
[PlyCount "92"]
[EventDate "2016.03.??"]
[EventType "swiss"]
[EventRounds "9"]
[EventCountry "USA"]
[Source "MonRoi"]
[WhiteClock "0:11:04"]
[BlackClock "0:04:34"]

1. e4 e5 2. Nf3 Nc6 3. Bb5 a6 4. Ba4 Nf6 5. O-O Be7 6. Re1 b5 7. Bb3 d6 8. c3
O-O 9. h3 Bb7 10. d4 Re8 11. Nbd2 Bf8 12. a3 g6 13. Ba2 Bg7 14. b4 exd4 15.
cxd4 a5 16. Qb3 Qd7 17. Bb2 axb4 18. axb4 Nd8 19. Qc2 Ne6 20. Bxe6 fxe6 21.
Rac1 Rac8 22. Ra1 Ra8 23. Rac1 Re7 24. Qb3 Kh8 25. Rc2 Rf8 26. Bc1 Nh5 27. Nf1
h6 28. Qd3 Qe8 29. Bd2 g5 30. Rc3 Qg6 31. N3h2 Nf4 32. Bxf4 gxf4 33. Nf3 Rg8
34. e5 Qxd3 35. Rxd3 dxe5 36. dxe5 Rf7 37. N1d2 Bf8 38. Rd4 c5 39. bxc5 Bxc5
40. Rd3 Rfg7 41. Re2 Rxg2+ 42. Kf1 b4 43. Rd7 R2g7 44. Rxg7 Rxg7 45. Ke1 b3 46.
Nxb3 Bb4+ 0-1

[Event "10th Philadelphia Open"]
[Site "Philadelphia"]
[Date "2016.03.26"]
[Round "6"]
[White "Chandra, Akshat"]
[Black "Li, Ruifeng"]
[Result "1/2-1/2"]
[WhiteElo "2491"]
[BlackElo "2486"]
[PlyCount "83"]
[EventDate "2016.03.??"]
[EventType "swiss"]
[EventRounds "9"]
[EventCountry "USA"]
[Source "MonRoi"]

1. d4 Nf6 2. c4 e6 3. Nf3 b6 4. g3 Ba6 5. b3 Bb7 6. Bg2 Bb4+ 7. Bd2 a5 8. O-O
O-O 9. Nc3 d6 10. Re1 Nbd7 11. Qc2 Bxc3 12. Bxc3 Be4 13. Qb2 c6 14. Nd2 Bxg2
15. Kxg2 b5 16. Qc2 d5 17. e4 Qc8 18. a4 bxc4 19. bxc4 c5 20. e5 Ng4 21. Qd1
Nh6 22. cxd5 exd5 23. Nf3 Nf5 24. Qd3 g6 25. Rab1 cxd4 26. Bxd4 Qc4 27. Qxc4
dxc4 28. Rb5 Rfc8 29. Rc1 Nxd4 30. Nxd4 c3 31. Ne2 c2 32. Rb2 Nxe5 33. Rbxc2
Rxc2 34. Rxc2 Nd3 35. Rd2 Ne1+ 36. Kh1 Re8 37. Nd4 Rd8 38. Nb3 Rxd2 39. Nxd2
Nd3 40. Kg2 Nc5 41. Nc4 Nxa4 42. Nxa5 1/2-1/2

[Event "10th Philadelphia Open"]
[Site "Philadelphia"]
[Date "2016.03.26"]
[Round "6"]
[White "Indjic, Aleksandar"]
[Black "Balakrishnan, Praveen"]
[Result "1-0"]
[WhiteElo "2542"]
[BlackElo "2377"]
[PlyCount "77"]
[EventDate "2016.03.??"]
[EventType "swiss"]
[EventRounds "9"]
[EventCountry "USA"]
[Source "MonRoi"]

1. d4 Nf6 2. c4 e6 3. Nf3 d5 4. Bg5 Bb4+ 5. Nc3 h6 6. Bxf6 Qxf6 7. e3 O-O 8.
Rc1 dxc4 9. Bxc4 c5 10. dxc5 Bxc5 11. O-O Bb6 12. Na4 Ba5 13. a3 Rd8 14. Qc2
Bd7 15. b4 Bxa4 16. Qxa4 Bb6 17. Qc2 Nd7 18. Qe4 Rab8 19. Bd3 g6 20. Rfd1 Qe7
21. h4 Nf6 22. Qf4 Kg7 23. g4 Rbc8 24. Rxc8 Rxc8 25. g5 hxg5 26. hxg5 Nd5 27.
Qe5+ Kg8 28. Bxg6 Bc7 29. Bh7+ Kxh7 30. Qe4+ Kg8 31. Rxd5 Rd8 32. Rc5 a5 33. g6
f6 34. Rh5 Qe8 35. Rh8+ Kxh8 36. Qh4+ Kg7 37. Qh7+ Kf8 38. g7+ Ke7 39. g8=Q+
1-0

[Event "10th Philadelphia Open"]
[Site "Philadelphia"]
[Date "2016.03.26"]
[Round "6"]
[White "Margvelashvili, Giorgi"]
[Black "Colas, Joshua"]
[Result "1/2-1/2"]
[WhiteElo "2532"]
[BlackElo "2374"]
[PlyCount "47"]
[EventDate "2016.03.??"]
[EventType "swiss"]
[EventRounds "9"]
[EventCountry "USA"]
[Source "MonRoi"]

1. d4 Nf6 2. c4 e6 3. Nf3 d5 4. Nc3 Be7 5. Bg5 O-O 6. e3 b6 7. cxd5 exd5 8. Bd3
Bb7 9. O-O Nbd7 10. Rc1 h6 11. Bh4 Ne4 12. Bxe7 Qxe7 13. Qa4 c5 14. Rfd1 Nxc3
15. Rxc3 c4 16. Bf5 Nf6 17. b3 g6 18. Bb1 cxb3 19. Qxb3 Rfc8 20. Rdc1 Rxc3 21.
Rxc3 Rc8 22. Ne5 Rxc3 23. Qxc3 Qd6 24. f3 1/2-1/2

[Event "10th Philadelphia Open"]
[Site "Philadelphia"]
[Date "2016.03.26"]
[Round "6"]
[White "Nisperos, Nick"]
[Black "Friedel, Joshua"]
[Result "0-1"]
[WhiteElo "1972"]
[BlackElo "2519"]
[PlyCount "66"]
[EventDate "2016.03.??"]
[EventType "swiss"]
[EventRounds "9"]
[EventCountry "USA"]
[Source "MonRoi"]

1. e4 c5 2. Nf3 e6 3. d4 cxd4 4. Nxd4 Nc6 5. Nc3 a6 6. Be3 Nf6 7. Bd3 d5 8.
exd5 Nxd5 9. Nxd5 Nxd4 10. Nf4 e5 11. Ne2 Nf5 12. Bd2 Nh4 13. O-O Qd5 14. f3
Be7 15. Be1 Be6 16. Nc3 Qd7 17. Qe2 Ng6 18. Rd1 Qc7 19. Bg3 Nf4 20. Bxf4 exf4
21. Kh1 O-O-O 22. Ne4 Rd7 23. a3 Rhd8 24. b4 Kb8 25. Rb1 g5 26. b5 a5 27. b6
Qe5 28. Bb5 Rd5 29. c4 Rd3 30. c5 Re3 31. Qc2 f5 32. Nd6 Rc3 33. Rfe1 Qxe1+ 0-1

[Event "10th Philadelphia Open"]
[Site "Philadelphia"]
[Date "2016.03.26"]
[Round "6"]
[White "Sinha, Sahil"]
[Black "Ostrovskiy, Aleksandr"]
[Result "0-1"]
[WhiteElo "2073"]
[BlackElo "2387"]
[PlyCount "96"]
[EventDate "2016.03.??"]
[EventType "swiss"]
[EventRounds "9"]
[EventCountry "USA"]
[Source "MonRoi"]

1. d4 d5 2. c4 dxc4 3. e3 e5 4. Bxc4 exd4 5. exd4 Bd6 6. Nc3 Nf6 7. Nf3 O-O 8.
O-O Nc6 9. h3 h6 10. a3 Bf5 11. Re1 a6 12. d5 Ne7 13. Ne5 Ng6 14. Nxg6 Bxg6 15.
Be3 Nd7 16. Qd4 Re8 17. Rad1 Be5 18. Qd2 Qh4 19. Be2 Rad8 20. Bf3 Bd6 21. Bd4
Ne5 22. Be2 c5 23. Be3 Nc4 24. Bxc4 Qxc4 25. Rc1 Be5 26. Red1 b6 27. b4 Bh5 28.
Na2 Qe4 29. Qd3 Qh4 30. Rd2 Bg6 31. Qxa6 f5 32. Qxb6 Rd6 33. Qxc5 f4 34. Bd4 f3
35. Bxe5 Rxe5 36. Rd4 Qe7 37. Qc8+ Kh7 38. Qc3 Re2 39. Qc4 Rxa2 40. Qxa2 Qg5
41. Rg4 Qxc1+ 42. Kh2 fxg2 43. Kxg2 Bf7 44. Qe2 Bxd5+ 45. f3 Qc3 46. Rg3 Re6
47. Qf2 Qd3 48. Kg1 Qd1+ 0-1

[Event "10th Philadelphia Open"]
[Site "Philadelphia"]
[Date "2016.03.26"]
[Round "6"]
[White "Santarius, Erik"]
[Black "Li, Ben"]
[Result "1-0"]
[WhiteElo "2343"]
[BlackElo "2196"]
[PlyCount "115"]
[EventDate "2016.03.??"]
[EventType "swiss"]
[EventRounds "9"]
[EventCountry "USA"]
[Source "MonRoi"]

1. d4 d5 2. Nf3 Nf6 3. c4 e6 4. Nc3 Be7 5. Bg5 h6 6. Bh4 O-O 7. e3 Ne4 8. Bxe7
Qxe7 9. Qc2 Nxc3 10. Qxc3 dxc4 11. Bxc4 b6 12. Bd3 Bb7 13. O-O c5 14. dxc5 Rc8
15. e4 Nd7 16. b4 a5 17. a3 axb4 18. axb4 bxc5 19. b5 c4 20. Rxa8 Bxa8 21. Nd2
Nb6 22. Bc2 Qc5 23. Rb1 Bb7 24. Nf1 Rd8 25. Ne3 Rd4 26. f3 Rd3 27. Bxd3 Qxe3+
28. Kf1 Qxd3+ 29. Qxd3 cxd3 30. Ra1 Bc8 31. Ra7 e5 32. Rc7 Be6 33. Rc6 Nc4 34.
b6 Na5 35. Rc5 Nb7 36. Rc7 Nd6 37. b7 Nxb7 38. Rxb7 f6 39. Ke1 Kh7 40. Kd2 Bc4
41. Rb4 Ba6 42. Rb6 Bc4 43. Kc3 Ba2 44. Kxd3 Kg6 45. Rb7 h5 46. h4 Kh6 47. Rb6
Kh7 48. g3 Kg8 49. f4 exf4 50. gxf4 Kf7 51. Rb2 Be6 52. Rb7+ Kf8 53. Kd4 Ba2
54. Ra7 Bb3 55. Kc5 Be6 56. Kd6 Bb3 57. e5 Bc4 58. e6 1-0

[Event "10th Philadelphia Open"]
[Site "Philadelphia"]
[Date "2016.03.26"]
[Round "6"]
[White "Panchanathan, Magesh"]
[Black "Moon, Benjamin"]
[Result "1/2-1/2"]
[WhiteElo "2550"]
[BlackElo "2235"]
[PlyCount "139"]
[EventDate "2016.03.??"]
[EventType "swiss"]
[EventRounds "9"]
[EventCountry "USA"]
[Source "MonRoi"]

1. e4 d5 2. exd5 Qxd5 3. d4 e5 4. Nf3 exd4 5. Qxd4 Qxd4 6. Nxd4 Bd7 7. Bc4 Nc6
8. Nxc6 Bxc6 9. O-O Bd6 10. Nc3 Ne7 11. Nb5 Bxb5 12. Bxb5+ c6 13. Bc4 O-O 14.
Rd1 Rfd8 15. g3 h6 16. a4 Nf5 17. c3 Bc7 18. Bd2 Rd7 19. Be1 Rad8 20. Rxd7 Rxd7
21. Bb3 Kf8 22. Kf1 Nd6 23. Rd1 Rd8 24. Rd3 Ne4 25. Rxd8+ Bxd8 26. Ke2 Ke7 27.
Bc2 Nd6 28. Kd3 Kd7 29. b4 a6 30. a5 Be7 31. Bb3 Bf6 32. f3 Ke8 33. Bd1 Kd7 34.
Be2 Be7 35. Bf1 f5 36. Be2 Bf6 37. Bd1 Nf7 38. Bb3 Ne5+ 39. Ke2 g5 40. Bd2 Ng6
41. Bf7 Ne5 42. Bg8 Ng6 43. Ke3 Kd6 44. Bf7 Ne5 45. Bb3 Ng6 46. Bc2 Ke6 47. Be1
Be5 48. Bd3 Bb8 49. Bc4+ Kf6 50. Be2 Ba7+ 51. Kd3 Ne5+ 52. Kc2 Ng6 53. c4 Bd4
54. Kd3 Bg1 55. h3 Ne5+ 56. Kc2 Bd4 57. Bd2 Ng6 58. b5 cxb5 59. cxb5 axb5 60.
Bxb5 f4 61. gxf4 Nxf4 62. h4 Be5 63. hxg5+ Kxg5 64. Kd1 h5 65. Ke1 h4 66. Kf2
Bd4+ 67. Kf1 h3 68. Bd7 h2 69. Bxf4+ Kxf4 70. Kg2 1/2-1/2

[Event "10th Philadelphia Open"]
[Site "Philadelphia"]
[Date "2016.03.26"]
[Round "6"]
[White "Ludwig, John"]
[Black "Jacobson, Aaron"]
[Result "1-0"]
[WhiteElo "2319"]
[BlackElo "2233"]
[PlyCount "43"]
[EventDate "2016.03.??"]
[EventType "swiss"]
[EventRounds "9"]
[EventCountry "USA"]
[Source "MonRoi"]

1. e4 c6 2. Nf3 d5 3. exd5 cxd5 4. Ne5 Nc6 5. d4 a6 6. c3 Nf6 7. Bd3 e6 8. f4
Bd6 9. Nd2 O-O 10. O-O Ne7 11. g4 Nd7 12. Qe1 Nb8 13. Qh4 Ng6 14. Qh5 Nc6 15.
Ndf3 Ncxe5 16. fxe5 Be7 17. Bg5 h6 18. Bd2 Nh4 19. Nxh4 Bxh4 20. Bxh6 gxh6 21.
Rf6 Bg5 22. Rg6+ 1-0

[Event "10th Philadelphia Open"]
[Site "Philadelphia"]
[Date "2016.03.26"]
[Round "6"]
[White "Toolin, Christopher"]
[Black "Morrison, William"]
[Result "1/2-1/2"]
[WhiteElo "2220"]
[BlackElo "2281"]
[PlyCount "88"]
[EventDate "2016.03.??"]
[EventType "swiss"]
[EventRounds "9"]
[EventCountry "USA"]
[Source "MonRoi"]

1. d4 Nf6 2. c4 e6 3. Nf3 d5 4. Nc3 Be7 5. Bf4 O-O 6. e3 b6 7. Qc2 Bb7 8. Rd1
c5 9. dxc5 bxc5 10. Be2 Nbd7 11. O-O Qb6 12. Ne5 Rfd8 13. b3 Bd6 14. Nxd7 Rxd7
15. Na4 Qc7 16. Bxd6 Rxd6 17. cxd5 Nxd5 18. Qxc5 Rc6 19. Qd4 Rc2 20. Rd2 a5 21.
Bf3 Rxd2 22. Qxd2 Rc8 23. h3 h6 24. Rd1 Nb4 25. Bxb7 Qxb7 26. a3 Nd5 27. Rb1
Qb5 28. g3 f5 29. h4 Kh7 30. Qd1 Rc6 31. Qf1 Qb8 32. Qd3 Qc7 33. b4 axb4 34.
axb4 Rc1+ 35. Kh2 Rc4 36. Kg1 Nxb4 37. Qb3 Nd5 38. Re1 Rb4 39. Qa2 Qc6 40. Ra1
Qb5 41. Qa3 Rc4 42. Qb2 Qc6 43. Qb3 Kg6 44. Nb2 Rb4 1/2-1/2

[Event "10th Philadelphia Open"]
[Site "Philadelphia"]
[Date "2016.03.26"]
[Round "6"]
[White "Zaloznyy, Mike"]
[Black "Garcia, Erick"]
[Result "1-0"]
[WhiteElo "2150"]
[BlackElo "2246"]
[PlyCount "33"]
[EventDate "2016.03.??"]
[EventType "swiss"]
[EventRounds "9"]
[EventCountry "USA"]
[Source "MonRoi"]

1. e4 e5 2. d4 exd4 3. Qxd4 Nc6 4. Qe3 Nf6 5. Bd2 Bb4 6. Nc3 O-O 7. O-O-O Re8
8. f3 d5 9. Qf2 dxe4 10. Bg5 Qe7 11. Nd5 Qe5 12. Bxf6 gxf6 13. Qg3+ Qxg3 14.
Nxf6+ Kh8 15. hxg3 Bf5 16. g4 Bg6 17. f4 1-0

[Event "10th Philadelphia Open"]
[Site "Philadelphia"]
[Date "2016.03.26"]
[Round "6"]
[White "Huang, Andy"]
[Black "Kretchetov, Alexandre"]
[Result "1-0"]
[WhiteElo "2046"]
[BlackElo "2288"]
[PlyCount "85"]
[EventDate "2016.03.??"]
[EventType "swiss"]
[EventRounds "9"]
[EventCountry "USA"]
[Source "MonRoi"]

1. e4 e5 2. Nf3 Nc6 3. Bb5 g6 4. O-O Bg7 5. c3 d6 6. d4 Bd7 7. d5 Nb8 8. c4 Nf6
9. Nc3 O-O 10. Bxd7 Nbxd7 11. Ne1 Ne8 12. Nd3 f5 13. f3 f4 14. b4 h5 15. c5
Ndf6 16. Bd2 g5 17. Rc1 Rf7 18. a4 Bf8 19. Ne2 Rg7 20. Kh1 g4 21. Qe1 Nh7 22.
Bc3 Qg5 23. Nexf4 exf4 24. Bxg7 Nxg7 25. Qd2 Re8 26. Qxf4 Qg6 27. Qg3 Nf6 28.
Nf4 Qh6 29. Nd3 Qg6 30. Rcd1 Nd7 31. Qf2 a6 32. c6 bxc6 33. dxc6 Ne5 34. Nf4
Qf7 35. Nd5 gxf3 36. gxf3 Nxc6 37. Rc1 Ne5 38. Rxc7 Qe6 39. Qh4 Kh8 40. Rxg7
Kxg7 41. Rg1+ Kh8 42. Qxh5+ Qh6 43. Nf6 1-0

[Event "10th Philadelphia Open"]
[Site "Philadelphia"]
[Date "2016.03.26"]
[Round "6"]
[White "Mulyar, Michael"]
[Black "Elezi, Luan"]
[Result "1/2-1/2"]
[WhiteElo "2398"]
[BlackElo "2091"]
[PlyCount "97"]
[EventDate "2016.03.??"]
[EventType "swiss"]
[EventRounds "9"]
[EventCountry "USA"]
[Source "MonRoi"]

1. d4 d5 2. c4 c6 3. Nf3 Nf6 4. Nc3 g6 5. cxd5 cxd5 6. Bf4 Nc6 7. e3 Qa5 8. Bd3
Bg7 9. O-O O-O 10. a3 Bg4 11. h3 Bxf3 12. Qxf3 e6 13. Nb5 Ne8 14. Qg3 Qd2 15.
Rfd1 Qxb2 16. Rab1 Qa2 17. Bd6 Nxd6 18. Qxd6 Rfd8 19. Qc5 Bf8 20. Qc1 a6 21.
Rd2 Qxd2 22. Qxd2 axb5 23. Rxb5 Rd7 24. Rb1 Rxa3 25. Bb5 Ra8 26. Bxc6 bxc6 27.
Rb6 c5 28. dxc5 Bxc5 29. Rc6 Ra1+ 30. Kh2 Bd6+ 31. g3 Be5 32. Rc8+ Kg7 33. f4
Bf6 34. g4 Ra4 35. g5 Ba1 36. Qc2 Rc4 37. Rxc4 dxc4 38. Qxc4 Ra7 39. Qb3 h6 40.
h4 hxg5 41. hxg5 e5 42. f5 gxf5 43. Qb6 Ra2+ 44. Kh3 e4 45. Qh6+ Kg8 46. g6 Ra7
47. Qf4 Kg7 48. Qxf5 fxg6 49. Qxe4 1/2-1/2

[Event "10th Philadelphia Open"]
[Site "Philadelphia"]
[Date "2016.03.26"]
[Round "7.1"]
[White "Li, Ruifeng"]
[Black "Kadric, Denis"]
[Result "1/2-1/2"]
[WhiteElo "2486"]
[BlackElo "2546"]
[PlyCount "90"]
[EventDate "2016.03.??"]
[EventType "swiss"]
[EventRounds "9"]
[EventCountry "USA"]
[Source "MonRoi"]
[WhiteClock "0:30:06"]
[BlackClock "0:17:39"]

1. e4 g6 2. d4 Bg7 3. Nc3 a6 4. h4 d5 5. Nxd5 e6 6. Ne3 Qxd4 7. Qxd4 Bxd4 8.
Nf3 Bg7 9. h5 Nd7 10. Ng4 Ngf6 11. h6 Bf8 12. Nxf6+ Nxf6 13. Rh4 Nd7 14. e5 Be7
15. Rd4 b6 16. Bf4 Bb7 17. Ng5 c5 18. Rd2 Nxe5 19. Nxe6 fxe6 20. Bxe5 Rf8 21.
g3 Bf3 22. Be2 Bxe2 23. Kxe2 Rf5 24. Bg7 Rh5 25. Rad1 Rd8 26. Rxd8+ Bxd8 27.
Kf3 Bc7 28. g4 Rd5 29. Rd3 Rxd3+ 30. cxd3 Kd7 31. Ke4 Kc6 32. f4 Bd6 33. b3 b5
34. f5 gxf5+ 35. gxf5 exf5+ 36. Kxf5 c4 37. dxc4 bxc4 38. bxc4 Kc5 39. Ke6 Bf4
40. Kf7 Kxc4 41. Kg8 Kb5 42. Kxh7 a5 43. Kg6 Bxh6 44. Bxh6 Ka6 45. Kf7 Kb7
1/2-1/2

[Event "10th Philadelphia Open"]
[Site "Philadelphia"]
[Date "2016.03.26"]
[Round "7.2"]
[White "Berczes, David"]
[Black "Chirila, Ioan"]
[Result "1/2-1/2"]
[WhiteElo "2482"]
[BlackElo "2524"]
[PlyCount "20"]
[EventDate "2016.03.??"]
[EventType "swiss"]
[EventRounds "9"]
[EventCountry "USA"]
[Source "MonRoi"]
[WhiteClock "1:49:14"]
[BlackClock "1:53:40"]

1. d4 Nf6 2. Nf3 g6 3. g3 Bg7 4. Bg2 d5 5. O-O O-O 6. c4 c6 7. cxd5 cxd5 8. Ne5
Ng4 9. Nxg4 Bxg4 10. Nc3 Nc6 1/2-1/2

[Event "10th Philadelphia Open"]
[Site "Philadelphia"]
[Date "2016.03.26"]
[Round "7.3"]
[White "Chandra, Akshat"]
[Black "Indjic, Aleksandar"]
[Result "0-1"]
[WhiteElo "2491"]
[BlackElo "2542"]
[PlyCount "140"]
[EventDate "2016.03.??"]
[EventType "swiss"]
[EventRounds "9"]
[EventCountry "USA"]
[Source "MonRoi"]
[WhiteClock "0:00:13"]
[BlackClock "0:55:16"]

1. e4 d6 2. d4 Nf6 3. Nc3 e5 4. Nf3 Nbd7 5. Bc4 Be7 6. a4 c6 7. O-O h6 8. Re1
Qc7 9. Ba2 Nf8 10. Nh4 Bg4 11. Qd3 Ne6 12. dxe5 dxe5 13. Nf5 Bxf5 14. exf5 Nf4
15. Bxf4 exf4 16. Qe2 Rd8 17. Rad1 Rxd1 18. Nxd1 h5 19. Nc3 a5 20. Ne4 Nxe4 21.
Qxe4 Rh6 22. f6 gxf6 23. Qc4 Rh7 24. Re4 Kf8 25. Rxf4 Qe5 26. g3 Qxb2 27. Rf5
Qb4 28. Qe2 Qxa4 29. Rxh5 Rxh5 30. Qxh5 Ke8 31. Qxf7+ Kd8 32. Qb3 Qxb3 33. Bxb3
b5 34. Kf1 a4 35. Ba2 c5 36. Ke2 Kc7 37. Kd2 Kc6 38. h4 c4 39. c3 f5 40. Bb1 f4
41. h5 Bg5 42. gxf4 Bxf4+ 43. Kc2 Kc5 44. f3 Bh6 45. Ba2 a3 46. Bb1 Kd6 47. Kd1
Ke5 48. Ba2 Kf4 49. Ke2 Bg7 50. Kd2 Kxf3 51. Bb1 Bh6+ 52. Kc2 Kg4 53. Ba2 Kxh5
54. Kd1 Kg4 55. Bb1 Kf3 56. Kc2 Ke2 57. Ba2 Bd2 58. Bb1 Be1 59. Ba2 Ke3 60. Bb1
Kf4 61. Ba2 Ke5 62. Bb1 Kd5 63. Ba2 Kc5 64. Bb1 Bxc3 65. Kxc3 b4+ 66. Kc2 b3+
67. Kc3 a2 68. Bxa2 bxa2 69. Kb2 Kd4 70. Kxa2 Kc3 0-1

[Event "10th Philadelphia Open"]
[Site "Philadelphia"]
[Date "2016.03.26"]
[Round "7.4"]
[White "Sevian, Samuel"]
[Black "Fishbein, Alexander"]
[Result "1/2-1/2"]
[WhiteElo "2580"]
[BlackElo "2485"]
[PlyCount "54"]
[EventDate "2016.03.??"]
[EventType "swiss"]
[EventRounds "9"]
[EventCountry "USA"]
[Source "MonRoi"]
[WhiteClock "0:48:46"]
[BlackClock "1:42:28"]

1. e4 c5 2. Nf3 d6 3. d4 cxd4 4. Nxd4 Nf6 5. Nc3 Nc6 6. Bg5 e6 7. Qd2 Be7 8.
O-O-O O-O 9. f4 h6 10. Bh4 Nxd4 11. Qxd4 Bd7 12. Bxf6 Bxf6 13. Qxd6 Bc6 14.
Qxd8 Rfxd8 15. Bb5 Bxc3 16. Bxc6 Bd4 17. Ba4 Be3+ 18. Kb1 Bxf4 19. g3 Be5 20.
c3 Kf8 21. Rxd8+ Rxd8 22. Rd1 Rxd1+ 23. Bxd1 g6 24. Kc2 h5 25. Kd3 h4 26. gxh4
Bxh2 27. Ke3 Bg3 1/2-1/2

[Event "10th Philadelphia Open"]
[Site "Philadelphia"]
[Date "2016.03.26"]
[Round "7"]
[White "Ostrovskiy, Aleksandr"]
[Black "Margvelashvili, Giorgi"]
[Result "1/2-1/2"]
[WhiteElo "2387"]
[BlackElo "2532"]
[PlyCount "34"]
[EventDate "2016.03.??"]
[EventType "swiss"]
[EventRounds "9"]
[EventCountry "USA"]
[Source "MonRoi"]

1. e4 c5 2. Nf3 Nc6 3. Bb5 d6 4. O-O Bd7 5. Re1 Nf6 6. c3 a6 7. Bc4 Bg4 8. d4
e6 9. d5 Ne5 10. Be2 Nxf3+ 11. Bxf3 Bxf3 12. Qxf3 e5 13. a4 Be7 14. a5 O-O 15.
Nd2 Qd7 16. Nc4 Bd8 17. Be3 Ne8 1/2-1/2

[Event "10th Philadelphia Open"]
[Site "Philadelphia"]
[Date "2016.03.26"]
[Round "7"]
[White "Friedel, Joshua"]
[Black "Sheng, Joshua"]
[Result "1/2-1/2"]
[WhiteElo "2519"]
[BlackElo "2397"]
[PlyCount "45"]
[EventDate "2016.03.??"]
[EventType "swiss"]
[EventRounds "9"]
[EventCountry "USA"]
[Source "MonRoi"]

1. d4 d5 2. c4 c6 3. Nf3 Nf6 4. Nc3 e6 5. g3 dxc4 6. Bg2 b5 7. Ne5 Qb6 8. O-O
Bb7 9. e4 Nbd7 10. Nxd7 Nxd7 11. d5 cxd5 12. exd5 O-O-O 13. b3 cxb3 14. axb3
Kb8 15. dxe6 Bxg2 16. exd7 Qc6 17. Bf4+ Kb7 18. Nxb5 Bc5 19. Nd4 Qd5 20. Nf5
Rxd7 21. Qxd5+ Bxd5 22. b4 Be4 23. bxc5 1/2-1/2

[Event "10th Philadelphia Open"]
[Site "Philadelphia"]
[Date "2016.03.26"]
[Round "7"]
[White "Colas, Joshua"]
[Black "Javakhadze, Zurab"]
[Result "1/2-1/2"]
[WhiteElo "2374"]
[BlackElo "2453"]
[PlyCount "85"]
[EventDate "2016.03.??"]
[EventType "swiss"]
[EventRounds "9"]
[EventCountry "USA"]
[Source "MonRoi"]

1. d4 d6 2. Nf3 g6 3. g3 Bg7 4. Bg2 f5 5. O-O Nf6 6. c4 O-O 7. Nc3 c6 8. b3 Qe8
9. Bb2 h6 10. d5 Na6 11. Rb1 Nc5 12. b4 Nce4 13. Nxe4 fxe4 14. Nd4 e5 15. dxe6
Bxe6 16. Nxe6 Qxe6 17. Qc2 Rae8 18. Rbd1 h5 19. h4 Rf7 20. Bd4 b6 21. a3 Ng4
22. Bxg7 Kxg7 23. Bh3 Ref8 24. Qc3+ Kh7 25. Bxg4 hxg4 26. Qe3 Rf5 27. Rd4 d5
28. b5 c5 29. Rxd5 Rxd5 30. cxd5 Qxd5 31. Kg2 Rd8 32. Qf4 Qf5 33. Qc7+ Rd7 34.
Qc8 Rd2 35. Qb7+ Rd7 36. Qc8 Kg7 37. Kg1 Rd2 38. Qb7+ Rd7 39. Qc8 Qe6 40. Kg2
Qf7 41. Kg1 Qd5 42. Kh2 Qd2 43. Qe8 1/2-1/2

[Event "10th Philadelphia Open"]
[Site "Philadelphia"]
[Date "2016.03.26"]
[Round "7"]
[White "Pozo Vera, Sandro"]
[Black "Santarius, Erik"]
[Result "1/2-1/2"]
[WhiteElo "2439"]
[BlackElo "2343"]
[PlyCount "141"]
[EventDate "2016.03.??"]
[EventType "swiss"]
[EventRounds "9"]
[EventCountry "USA"]
[Source "MonRoi"]

1. d4 d5 2. c4 e6 3. Nc3 Nf6 4. Bg5 c6 5. e3 Nbd7 6. Nf3 Qa5 7. cxd5 exd5 8.
Bd3 Ne4 9. O-O Nxg5 10. Nxg5 Nf6 11. Qc2 h6 12. Nf3 Bd6 13. h3 Qc7 14. Rac1 Qe7
15. Rfe1 O-O 16. a3 Re8 17. e4 dxe4 18. Nxe4 Nxe4 19. Bxe4 Qf6 20. Bh7+ Kf8 21.
Rxe8+ Kxe8 22. Be4 Kf8 23. d5 c5 24. Nd2 b6 25. Nc4 Bd7 26. Qc3 Qe7 27. Re1 Re8
28. Re2 Be5 29. Qc2 Bd4 30. Bf3 Qf6 31. Rxe8+ Bxe8 32. a4 g6 33. b3 Bd7 34. Bg4
Qe7 35. Qd2 f5 36. Bf3 Kg7 37. Kf1 g5 38. g4 Qf6 39. Qe2 a6 40. a5 bxa5 41.
Nxa5 Bb5 42. Nc4 Kf8 43. Kg2 fxg4 44. hxg4 Bd7 45. d6 Qe6 46. Qxe6 Bxe6 47. Be2
Ke8 48. f3 Kd7 49. Bd3 Kc6 50. Kf1 Bf6 51. Ke2 Bd8 52. Kd2 a5 53. Kc2 Kb5 54.
Ne5+ Kb6 55. Bc4 Bxc4 56. Nxc4+ Kc6 57. Kd3 Kd5 58. d7 Bc7 59. Ke3 a4 60. Kd3
axb3 61. Kc3 Ke6 62. Kxb3 Kxd7 63. Ne3 Bd6 64. Kc3 Ke6 65. Kd3 Bf4 66. Nf5 h5
67. Ng7+ Kf7 68. Nxh5 Be5 69. Kc4 Bd4 70. f4 gxf4 71. Nxf4 1/2-1/2

[Event "10th Philadelphia Open"]
[Site "Philadelphia"]
[Date "2016.03.26"]
[Round "7"]
[White "Wu, Christopher"]
[Black "Mulyar, Michael"]
[Result "1/2-1/2"]
[WhiteElo "2330"]
[BlackElo "2398"]
[PlyCount "50"]
[EventDate "2016.03.??"]
[EventType "swiss"]
[EventRounds "9"]
[EventCountry "USA"]
[Source "MonRoi"]

1. e4 e5 2. Nf3 Nc6 3. Bb5 a6 4. Ba4 Nf6 5. O-O b5 6. Bb3 Bc5 7. a4 Rb8 8. axb5
axb5 9. Nxe5 Nxe5 10. d4 Bxd4 11. Qxd4 d6 12. f4 Nc6 13. Qc3 Ne7 14. Nd2 O-O
15. e5 Nfd5 16. Qf3 dxe5 17. fxe5 c5 18. c4 bxc4 19. Bxc4 Be6 20. b3 Ng6 21.
Bb2 Nb6 22. Bd3 c4 23. Bxg6 Qxd2 24. Rf2 Qg5 25. Bc2 cxb3 1/2-1/2